| 000 | 00474nam a2200145Ia 4500 | ||
|---|---|---|---|
| 008 | 170221s9999 xx 000 0 und d | ||
| 100 | _aEster Manik | ||
| 245 | _aEntrepreneurial Intention on Studentpreneurs to become Entrepreneur | ||
| 245 | _cEster Manik, Iwan Sidharta | ||
| 260 | _bInternational Review of Management and Marketing | ||
| 260 | _c2012 | ||
| 300 | _a1 : 5 | ||
| 650 | _xMarketing. | ||
| 856 | _uhttp://www.econjournals.com/index.php/irmm/issue/view/82 | ||
| 999 |
_c313930 _d313930 |
||